| 000 | 00431nam a2200145 i 4500 | ||
|---|---|---|---|
| 001 | 83967 | ||
| 003 | ES-MaACL | ||
| 007 | t| | ||
| 008 | 041118s1940 gw ||||1| ger d | ||
| 245 | 0 | 0 |
_aJahrbuch für Auswèartige Politik / _cHerausgegeben Fritz Berber. |
| 260 |
_aBerlin : _b[s.n.], _c1940 ( _fAugust Gross Verlag) |
||
| 300 |
_aVII, 442 p. ; _c21 cm. |
||
| 700 | 1 |
_aBerber, Fritz. _927840 |
|
| 852 |
_aES-MaACL _jB-9554 _bR.19070 |
||
| 999 |
_c83967 _d83967 |
||